ARRUPE JESUIT UNIVERSITY

CORONAVIRUS -STOP THE SPREAD - CLEAN,DISINFECT,COVER

Did Muhammad exist?: (Record no. 122216)

MARC details
000 -LEADER
fixed length control field 00437nam a22001337a 4500
008 - FIXED-LENGTH DATA ELEMENTS--GENERAL INFORMATION
fixed length control field 150226b xxu||||| |||| 00| 0 eng d
020 ## - INTERNATIONAL STANDARD BOOK NUMBER
International Standard Book Number 9781610170611
050 ## - LIBRARY OF CONGRESS CALL NUMBER
Classification number BT1170.S645 2012
100 ## - MAIN ENTRY--PERSONAL NAME
Personal name Spencer, Robert
9 (RLIN) 15587
245 ## - TITLE STATEMENT
Title Did Muhammad exist?:
Remainder of title an enquiry into Islam's obscure origins
Statement of responsibility, etc /Robert Spencer
260 ## - PUBLICATION, DISTRIBUTION, ETC. (IMPRINT)
Place of publication, distribution, etc Delaware, United states
Name of publisher, distributor, etc ISI Books
Date of publication, distribution, etc 2012
300 ## - PHYSICAL DESCRIPTION
Extent xvii, 254p. ;
Dimensions 24cm.
942 ## - ADDED ENTRY ELEMENTS (KOHA)
Source of classification or shelving scheme Library of Congress Classification
Item type Monograph ( Printed materials)
Koha issues (borrowed), all copies 1
Holdings
Withdrawn status Lost status Source of classification or shelving scheme Damaged status Not for loan Collection code Home library Current library Shelving location Date acquired Total Checkouts Full call number Barcode Date last seen Date last borrowed Price effective from Koha item type
    Library of Congress Classification     Main Collection ARRUPE LIBRARY ARRUPE LIBRARY Main Collection 26/02/2015 1 BT1170.S645 2012 46500002839 11/01/2017 26/03/2015 26/02/2015 Monograph ( Printed materials)

 

Arrupe Library. PO Box MP320 Mt Pleasant, Harare, Zimbabwe
263 242 745411|librarian@aju.ac.zw